[Event "Titled Tuesday intern op 19th May"]
[Site "Chess.com INT"]
[Date "2020.05.19"]
[Round "3"]
[White "Manukian, Artak"]
[Black "Maidana, Cristian"]
[Result "1-0"]
[WhiteElo "2196"]
[BlackElo "2218"]
[PlyCount "75"]
[EventDate "2020.05.19"]
[EventType "swiss (blitz)"]
[EventRounds "10"]
[EventCountry "USA"]
[SourceTitle "EXT 2021"]
[Source "ChessBase"]
[SourceDate "2020.10.23"]
[SourceVersion "1"]
[SourceVersionDate "2020.10.23"]
[SourceQuality "1"]

1. e4 e6 2. d4 d5 3. e5 c5 4. c3 Nc6 5. Nf3 Qb6 6. a3 cxd4 7. cxd4 Nh6 8. b4 Nf5 9. Bb2 a5 10. b5 a4 11. g4 Nfe7 12. Nc3 Na7 13. Nxa4 Qd8 14. Qb3 Ng6 15. h4 h5 16. g5 f6 17. Rc1 Bd7 18. Nc5 fxe5 19. dxe5 Bxc5 20. Rxc5 Qb6 21. Bd4 0-0 22. Qe3 Qa5+ 23. Bc3 Qxa3 24. Be2 b6 25. Rc7 Bxb5 26. 0-0 Bxe2 27. Qxe2 Nb5 28. Qxb5 Rxf3 29. Qd7 Qf8 30. Qxe6+ Kh7 31. Qxd5 Qf4 32. Rd1 Qg4+ 33. Kf1 Rxf2+ 34. Kxf2 Rf8+ 35. Ke1 Qg3+ 36. Kd2 Rf2+ 37. Kc1 Qxc3+ 38. Rxc3 1-0

[Event "Titled Tuesday intern op 19th May"]
[Site "Chess.com INT"]
[Date "2020.05.19"]
[Round "9"]
[White "Vivas Zamora, Fabian Ernesto"]
[Black "Maidana, Cristian"]
[Result "1-0"]
[WhiteElo "2344"]
[BlackElo "2218"]
[PlyCount "67"]
[EventDate "2020.05.19"]
[EventType "swiss (blitz)"]
[EventRounds "10"]
[EventCountry "USA"]
[SourceTitle "EXT 2021"]
[Source "ChessBase"]
[SourceDate "2020.10.23"]
[SourceVersion "1"]
[SourceVersionDate "2020.10.23"]
[SourceQuality "1"]

1. e4 e6 2. d4 d5 3. Nd2 Nf6 4. e5 Nfd7 5. Ngf3 c5 6. c3 Nc6 7. Bd3 cxd4 8. cxd4 Be7 9. 0-0 0-0 10. Re1 f6 11. exf6 Nxf6 12. b3 Bd6 13. Bb2 Qc7 14. Ne5 Nb4 15. Rc1 Qb6 16. Bb1 Bd7 17. Re3 Rac8 18. Rxc8 Rxc8 19. a3 Nc6 20. Nxd7 Nxd7 21. Rxe6 Nxd4 22. Rxd6 Qxd6 23. Bxd4 Qf4 24. Be3 Qe5 25. Nf3 Qh5 26. h3 Nf6 27. Qd3 g6 28. Bg5 Rf8 29. Bc2 h6 30. Bxf6 Rxf6 31. Kh2 Qf5 32. Qc3 Qf4+ 33. Kg1 Kg7 34. Bd3 1-0

[Event "Titled Tuesday intern op 12th May"]
[Site "Chess.com INT"]
[Date "2020.05.12"]
[Round "9"]
[White "Maidana, Cristian"]
[Black "Rodriguez, Santiago"]
[Result "0-1"]
[WhiteElo "2218"]
[BlackElo "2252"]
[PlyCount "56"]
[EventDate "2020.05.12"]
[EventType "swiss (blitz)"]
[EventRounds "10"]
[EventCountry "USA"]
[SourceTitle "EXT 2021"]
[Source "ChessBase"]
[SourceDate "2020.10.23"]
[SourceVersion "1"]
[SourceVersionDate "2020.10.23"]
[SourceQuality "1"]

1. d4 Nf6 2. Bf4 d5 3. e3 c5 4. c3 Nc6 5. Nd2 e6 6. Ngf3 cxd4 7. exd4 Nh5 8. Bg5 Be7 9. Be3 Bd6 10. Ne5 Bxe5 11. dxe5 g6 12. Nf3 0-0 13. Bh6 Qc7 14. Bxf8 Kxf8 15. Be2 Nxe5 16. Qd4 Nxf3+ 17. Bxf3 Nf4 18. Qh8+ Ke7 19. 0-0 h5 20. c4 dxc4 21. Rad1 Rb8 22. Rd4 e5 23. Re1 Be6 24. Qxe5 Qxe5 25. Rxe5 Nd3 26. Rb5 b6 27. Rg5 Kf6 28. Rb5 Nc5 0-1

[Event "Titled Tuesday intern op 12th May"]
[Site "Chess.com INT"]
[Date "2020.05.12"]
[Round "2"]
[White "Sztokbant, Bernardo Vainzoff"]
[Black "Maidana, Cristian"]
[Result "1-0"]
[WhiteElo "2194"]
[BlackElo "2218"]
[PlyCount "63"]
[EventDate "2020.05.12"]
[EventType "swiss (blitz)"]
[EventRounds "10"]
[EventCountry "USA"]
[SourceTitle "EXT 2021"]
[Source "ChessBase"]
[SourceDate "2020.10.23"]
[SourceVersion "1"]
[SourceVersionDate "2020.10.23"]
[SourceQuality "1"]

1. d4 Nf6 2. Nf3 e6 3. g3 b6 4. Bg2 Bb7 5. 0-0 Be7 6. c4 0-0 7. Nc3 d5 8. Ne5 c5 9. cxd5 exd5 10. Bf4 Nh5 11. Be3 c4 12. Nxc4 Na6 13. Ne5 f5 14. Qb3 Nf6 15. Bg5 Nc7 16. Rac1 Kh8 17. Bh3 Ne4 18. Bxe7 Qxe7 19. Nxe4 fxe4 20. Nd7 Rfc8 21. Nc5 bxc5 22. Qxb7 Rcb8 23. Qc6 Rb6 24. Qxc5 Qxc5 25. Rxc5 Na6 26. Rxd5 Rxb2 27. Ra5 Nb4 28. Rc1 Rxe2 29. Rxa7 Rf8 30. Rf7 Rg8 31. a4 Rxf2 32. Rxf2 1-0

[Event "Titled Tuesday intern op 28th Apr"]
[Site "Chess.com INT"]
[Date "2020.04.28"]
[Round "4"]
[White "Maidana, Cristian"]
[Black "Abrashkin, Boris Vladimirovich"]
[Result "0-1"]
[WhiteElo "2218"]
[BlackElo "2407"]
[PlyCount "40"]
[EventDate "2020.04.28"]
[EventType "swiss (blitz)"]
[EventRounds "10"]
[EventCountry "USA"]
[SourceTitle "EXT 2021"]
[Source "ChessBase"]
[SourceDate "2020.10.23"]
[SourceVersion "1"]
[SourceVersionDate "2020.10.23"]
[SourceQuality "1"]

1. d4 d5 2. Bf4 c5 3. e3 Nc6 4. c3 Nf6 5. Nd2 Qb6 6. Qb3 c4 7. Qc2 g6 8. e4 Nxe4 9. Nxe4 dxe4 10. Qxe4 Qxb2 11. Rc1 Bf5 12. Qf3 Qxa2 13. g4 Bd7 14. d5 Nd8 15. Qe4 Bg7 16. Bxc4 Qa4 17. Bd6 0-0 18. Bxe7 Re8 19. d6 Bc6 20. d7 Bxe4 0-1

[Event "Titled Tuesday intern op 28th Apr"]
[Site "Chess.com INT"]
[Date "2020.04.28"]
[Round "7"]
[White "Maidana, Cristian"]
[Black "Khlichkova, Tatiana"]
[Result "0-1"]
[WhiteElo "2218"]
[BlackElo "2270"]
[PlyCount "74"]
[EventDate "2020.04.28"]
[EventType "swiss (blitz)"]
[EventRounds "10"]
[EventCountry "USA"]
[SourceTitle "EXT 2021"]
[Source "ChessBase"]
[SourceDate "2020.10.23"]
[SourceVersion "1"]
[SourceVersionDate "2020.10.23"]
[SourceQuality "1"]

1. d4 e6 2. Bf4 f5 3. Nf3 Nf6 4. e3 b6 5. c4 Bb7 6. Nc3 Bb4 7. Bd3 0-0 8. Qc2 Ne4 9. h3 Bxc3+ 10. bxc3 d6 11. g4 Nxc3 12. d5 Ne4 13. gxf5 exf5 14. Bxe4 fxe4 15. Qxe4 Nd7 16. Ng5 Nf6 17. Qe6+ Kh8 18. Nf7+ Rxf7 19. Qxf7 Qd7 20. Qxd7 Nxd7 21. Ke2 Re8 22. Rhg1 Ba6 23. Rac1 Nf6 24. Kf3 Ne4 25. a4 Bxc4 26. Kg2 Bxd5 27. f3 Nc5 28. e4 Bb3 29. a5 Nd3 30. Rc3 Nxf4+ 31. Kh2 Ne2 32. Rxb3 Nxg1 33. axb6 Nxf3+ 34. Kg3 axb6 35. Kxf3 Kg8 36. Ra3 Kf7 37. Ra7 Re7 0-1

[Event "Titled Tuesday intern op 14th April"]
[Site "Chess.com INT"]
[Date "2020.04.14"]
[Round "9"]
[White "Maidana, Cristian"]
[Black "Fataliyeva, Ulviyya Hasil Qizi"]
[Result "0-1"]
[WhiteElo "2218"]
[BlackElo "2301"]
[PlyCount "64"]
[EventDate "2020.04.14"]
[EventType "swiss (blitz)"]
[EventRounds "10"]
[EventCountry "USA"]
[SourceTitle "EXT 2021"]
[Source "ChessBase"]
[SourceDate "2020.10.23"]
[SourceVersion "1"]
[SourceVersionDate "2020.10.23"]
[SourceQuality "1"]

1. d4 e6 2. Bf4 Nf6 3. Nf3 Be7 4. e3 0-0 5. Bd3 b6 6. 0-0 Bb7 7. Qe2 c5 8. Nbd2 d6 9. a4 Nbd7 10. a5 Re8 11. h3 Bf8 12. Ba6 Bxa6 13. Qxa6 e5 14. dxe5 dxe5 15. Bh2 e4 16. Ng5 h6 17. Ndxe4 Nxe4 18. Nxe4 Rxe4 19. Rad1 Qe8 20. Qb7 Rd8 21. Bc7 Rc8 22. Bg3 Nf6 23. axb6 axb6 24. Qxb6 Rb4 25. Qa5 Rxb2 26. Rd3 Rxc2 27. Rfd1 c4 28. Rd8 Rxd8 29. Rxd8 Qe6 30. Qa8 Nd7 31. Re8 Qf6 32. Qc8 Rd2 0-1

[Event "Titled Tuesday intern op 14th April"]
[Site "Chess.com INT"]
[Date "2020.04.14"]
[Round "2"]
[White "Maidana, Cristian"]
[Black "Rosner, Jonas"]
[Result "0-1"]
[WhiteElo "2218"]
[BlackElo "2433"]
[PlyCount "22"]
[EventDate "2020.04.14"]
[EventType "swiss (blitz)"]
[EventRounds "10"]
[EventCountry "USA"]
[SourceTitle "EXT 2021"]
[Source "ChessBase"]
[SourceDate "2020.10.23"]
[SourceVersion "1"]
[SourceVersionDate "2020.10.23"]
[SourceQuality "1"]

1. d4 d5 2. Bf4 c5 3. e3 Nc6 4. Nf3 Nf6 5. Nbd2 Qb6 6. dxc5 Qxb2 7. Rb1 Qc3 8. Bb5 g6 9. 0-0 Bg7 10. Nb3 0-0 11. Be5 Nxe5 0-1

[Event "Rosario op"]
[Site "Rosario"]
[Date "2002.11.28"]
[Round "6"]
[White "Landriel, Mario"]
[Black "Maidana, Cristian"]
[Result "1-0"]
[WhiteElo "2224"]
[BlackElo "2187"]
[PlyCount "63"]
[EventDate "2002.11.11"]
[EventType "swiss"]
[EventRounds "9"]
[EventCountry "ARG"]
[SourceTitle "EXT 2004"]
[Source "ChessBase"]
[SourceDate "2003.11.25"]
[SourceVersion "1"]
[SourceVersionDate "2003.11.25"]
[SourceQuality "1"]

1. g3 c5 2. Bg2 Nc6 3. c4 Nf6 4. Nc3 g6 5. a3 Bg7 6. Rb1 a5 7. Nf3 e5 8. d3 0-0 9. Bg5 h6 10. Bxf6 Bxf6 11. 0-0 Bg7 12. Ne1 f5 13. Nc2 f4 14. b4 axb4 15. axb4 d6 16. Qd2 cxb4 17. Nxb4 Nd4 18. Bd5+ Kh7 19. Nc2 f3 20. Nxd4 exd4 21. Ne4 Bg4 22. exf3 Bxf3 23. Rxb7 Ra5 24. Qb2 Kh8 25. Rxg7 Kxg7 26. Qxd4+ Kh7 27. Rb1 g5 28. Rb7+ Kg6 29. Qg7+ Kf5 30. Qh7+ Kg4 31. Be6+ Kh5 32. g4+ 1-0